Enciclopedia de la educación preescolar : transtornos del desarrollo, educación familiar, dimensiones educativas /

Guardado en:
书目详细资料
其他作者: Sánchez Cerezo, Sergio (dir.) Conductor
格式: 图书
语言:西班牙语
出版: México : Santillana, 1987, c1987
主题:
标签: 添加标签
没有标签, 成为第一个标记此记录!

MARC

LEADER 00000nam^a2200000^a^4500
001 000029503
005 20250521000000.0
009 20260310084927.766
020 |a 968-6240-02-0 
037 |a Acervo ITESO - Biblioteca 
041 |a ESP 
082 |a 372. 2103  |b SAN V. 2 
100 |a Sánchez Cerezo, Sergio  |e (dir.) 
245 1 0 |a Enciclopedia de la educación preescolar :  |b transtornos del desarrollo, educación familiar, dimensiones educativas /  |c Dir. de S. Sánchez Cerezo. 
264 4 |a México :  |b Santillana,  |c 1987, c1987 
300 |a 303 p. 
336 |a texto  |b txt  |2 rdacontenido 
337 |a sin mediación  |b n  |2 rdamedio 
338 |a volumen  |b nc  |2 rdasoporte 
649 |a XX 
650 |a Desarrollo Cognoscitivo 
650 |a Desarrollo Emocional 
650 |a Socialización 
650 |a Educación Familiar 
650 |a Educación Preescolar -  |x Enciclopedias y Diccionarios 
910 |a Fondo General 
920 |a Impresos - Libros 
930 |a Obras de Referencia 
905 |a 102 
901 |a 0295030100  |b IT2  |c REF  |i 029503  |u 20250521 
902 |a https://opac.biblio.iteso.mx/vufind/Record/000029503